| 000 | 00425nam a2200145 i 4500 | ||
|---|---|---|---|
| 001 | 87985 | ||
| 003 | ES-MaACL | ||
| 007 | t| | ||
| 008 | 041229s1901 fr ||||1| fre d | ||
| 100 | 1 |
_aLafargue, Fernand. _969467 |
|
| 245 | 1 | 4 |
_aLes amours bibliques _b: Ruth : roman moderne / _cFernand Lafargue. |
| 260 |
_a[S.l. : _bs.n., _c1901] ( _eAuxerre : _fAlbert Launier) |
||
| 300 |
_a356 p. ; _c18 cm. |
||
| 852 |
_aES-MaACL _jD-982 |
||
| 999 |
_c87985 _d87985 |
||